LEADER 01559nam0-2200457---450- 001 990009829640403321 005 20140306122650.0 035 $a000982964 035 $aFED01000982964 035 $a(Aleph)000982964FED01 035 $a000982964 100 $a20140228g19331942km-y0itay50------ba 101 0 $aita 102 $aIT 105 $ab-------001yy 200 1 $aAtlante linguistico etnografico italiano della Corsica$epromosso dalla R. Università di Cagliari$fGino Bottiglioni$gdisegni di Guido Colucci 210 $aPisa$c[s.n.]$d1933-1942 215 $a10 v.$d59 cm 300 $aDal v. 7. Disegni di Guido Colucci e Francesco Giammari. 421 0$1001000983312 610 0 $aAtlanti linguistici 676 $a457.003 700 1$aBottiglioni,$bGino$f<1887-1963>$0164761 701 1$aColucci,$bGuido$0298901 712 01$aRegia Università degli Studi, Cagliari 801 0$aIT$bUNINA$gRICA$2UNIMARC 901 $aBK 912 $a990009829640403321 952 $a457.003 BOT 1 (1)$bs.i.$fFLFBC 952 $a457.003 BOT 1 (2)$bs.i.$fFLFBC 952 $a457.003 BOT 1 (3)$bs.i.$fFLFBC 952 $a457.003 BOT 1 (4)$bs.i.$fFLFBC 952 $a457.003 BOT 1 (5)$bs.i.$fFLFBC 952 $a457.003 BOT 1 (6)$bs.i.$fFLFBC 952 $a457.003 BOT 1 (7)$bs.i.$fFLFBC 952 $a457.003 BOT 1 (8)$bs.i.$fFLFBC 952 $a457.003 BOT 1 (9)$bs.i.$fFLFBC 952 $a457.003 BOT 1 (10)$bs.i.$fFLFBC 959 $aFLFBC 996 $aAtlante linguistico etnografico italiano della Corsica$9835849 997 $aUNINA LEADER 01204nam--2200397---450- 001 990002681940203316 005 20070118162228.0 010 $a88-464-4046-3 035 $a000268194 035 $aUSA01000268194 035 $a(ALEPH)000268194USA01 035 $a000268194 100 $a20051104h2002----km-y0itay50------ba 101 0 $aita 102 $aIT 105 $ay|||z|||001yy 200 1 $aOspitare e curare$edialogo interculturale ed esperienze cliniche con gli immigrati$fa cura di Renato Rizzi, Augusto Iossa Fasano 210 $aMilano$cF. Angeli$dcopyr. 2002 215 $a237 p.$d23 cm 225 2 $aPolitiche migratorie$v4 410 0$12001$aPolitiche migratorie$v4 454 1 $12001 461 1$1001------$12001 606 0 $aImmigrati$xAssistenza sanitaria 676 $a362.108691 702 1$aRIZZI,$bRenato 702 1$aIOSSA FASANO,$bAugusto 801 0$aIT$bsalbc$gISBD 912 $a990002681940203316 951 $aII.5. 5645(XV B 1321)$b182895 L.M.$cXV B$d00117932 959 $aBK 969 $aUMA 979 $aPECORARO$b90$c20051104$lUSA01$h0922 979 $aCOPAT6$b90$c20070118$lUSA01$h1622 996 $aOspitare e curare$9746901 997 $aUNISA